Kariera Sergio Pereza - Statystyki

Ogólne statystyki
  • Ten quiz został rozwiązany 16 razy
  • Średni wynik to 5 z 6
Statystyki odpowiedzi
Zespoły % Poprawnych
2019-2020 Racing Point
93%
2021-2024 Red Bull
93%
2011-2012 Sauber
87%
2026 Cadillac
80%
2013 McLaren
80%
2014-2018 Force India
73%
Nie znaleziono quizów pasujących do podanych kryteriów
Rozkład punktacji
Procent ludzi z każdym wynikiem
Percentyl według liczby udzielonych odpowiedzi
Twoja historia wyników
Nie rozwiązałeś tego quizu